[Event "4NCL Division 3 North"]
[Site "Doncaster, ENG"]
[Date "2018.05.06"]
[Round "10.94"]
[White "Doherty, Paul"]
[Black "Sidney, Will"]
[Result "1-0"]
[WhiteElo "1697"]
[BlackElo "1605"]
[PlyCount "116"]
[EventDate "2018.05.06"]
[WhiteTeam "3Cs 3"]
[BlackTeam "Enniscorthy"]

1. d4 Nf6 2. c4 g6 3. Nc3 Bg7 4. Nf3 d6 5. Bg5 Nbd7 6. Qc2 O-O 7. e3 Re8 8. Be2
e5 9. d5 a5 10. O-O Nc5 11. Nd2 e4 12. f3 exf3 13. Rxf3 Bg4 14. Rf2 Bxe2 15.
Rxe2 Qd7 16. Rf1 Ng4 17. Nd1 Bh6 18. Bxh6 Nxh6 19. Nb3 Nxb3 20. Qxb3 b6 21. h3
Nf5 22. Ref2 Re4 23. Rf4 Rae8 24. g4 Nxe3 25. Rxe4 Rxe4 26. Nxe3 Qe7 27. Rf3
Qh4 28. Qd1 h5 29. Ng2 Qg5 30. gxh5 Rxc4 31. Rc3 Rxc3 32. bxc3 gxh5 33. Qf3 Kg7
34. h4 Qg6 35. Kh2 Qc2 36. Kh3 Qxa2 37. Qxh5 Qc4 38. Qg4+ Qxg4+ 39. Kxg4 a4 40.
Ne3 a3 41. Nc2 a2 42. Kf5 b5 43. h5 Kh6 44. Kf6 Kxh5 45. Kxf7 Kg5 46. Ke6 Kf4
47. Kd7 Ke5 48. Kc6 Ke4 49. Kxb5 a1=Q 50. Nxa1 Kxd5 51. c4+ Ke6 52. Kc6 Ke5 53.
Nb3 Ke4 54. Kxc7 Kd3 55. Na5 Kc3 56. Kxd6 Kb4 57. c5 Kxa5 58. c6 Kb6 1-0

[Event "4NCL Division 3 North"]
[Site "Doncaster, ENG"]
[Date "2018.05.06"]
[Round "10.95"]
[White "Plaza Reino, Mateo"]
[Black "Harman, George"]
[Result "1/2-1/2"]
[WhiteElo "1493"]
[BlackElo "1750"]
[PlyCount "49"]
[EventDate "2018.05.06"]
[WhiteTeam "Enniscorthy"]
[BlackTeam "3Cs 3"]

1. d4 Nf6 2. Bf4 c5 3. c3 e6 4. e3 Nc6 5. h3 b6 6. Nf3 Bb7 7. Be2 d5 8. Nbd2
Bd6 9. Bxd6 Qxd6 10. O-O O-O 11. Qc2 Rac8 12. dxc5 bxc5 13. Rfd1 e5 14. Bb5 d4
15. Bxc6 Bxc6 16. Nc4 Qe6 17. Ncxe5 dxe3 18. Nxc6 Rxc6 19. Re1 exf2+ 20. Qxf2
Qd5 21. b3 Rd8 22. c4 Qf5 23. Re5 Qg6 24. Rxc5 Rcd6 25. Rc7 1/2-1/2

[Event "4NCL Division 3 North"]
[Site "Doncaster, ENG"]
[Date "2018.05.06"]
[Round "10.96"]
[White "Abbas, Ahmed C"]
[Black "Copeland, Victor"]
[Result "1-0"]
[WhiteElo "1652"]
[BlackElo "1000"]
[PlyCount "47"]
[EventDate "2018.05.06"]
[WhiteTeam "3Cs 3"]
[BlackTeam "Enniscorthy"]

1. e4 d6 2. d4 Nf6 3. Nc3 g6 4. Be3 Bg7 5. h3 O-O 6. Qd2 Nbd7 7. Nf3 Re8 8.
O-O-O e5 9. d5 b6 10. Be2 a5 11. Nb5 Nxe4 12. Qe1 Bb7 13. Bc4 Ndf6 14. Nd2 Nxd5
15. Nxe4 Nxe3 16. Qxe3 Re7 17. Nbc3 Kh8 18. Rhg1 a4 19. Nd5 Re8 20. a3 Rf8 21.
g4 Rc8 22. g5 c6 23. Nxb6 Rc7 24. Nxd6 1-0